| 000 | 00987nam a22002417a 4500 | ||
|---|---|---|---|
| 999 |
_c1628 _d1628 |
||
| 003 | AR-CdUCM | ||
| 008 | 190227b ||||| |||| 00| 0 spa d | ||
| 040 |
_aMUNICIPALIDAD PROVINCIAL DEL CUSCO _cBIBLIOTECA MUNICIPAL DEL CUSCO |
||
| 041 | _hger | ||
| 082 |
_a338 / _bH66 |
||
| 100 |
_aHofmann, Werner _96077 |
||
| 245 |
_aHistoria de las ideas sociales : _bde los siglos XIX y XX / |
||
| 260 |
_aMéxico D. F. : _bUTEHA, _c1964. |
||
| 300 |
_aX, 271 páginas ; _c17 cm. |
||
| 440 |
_aManuales Uteha. _n211/211a _nsección 14 ciencias sociales _96078 |
||
| 505 | _aContenido: Las ideas sociales en la época de desarrollo del moderno capitalismo industrial -- El movimiento agrario -- El capitalismo desarrollado de la libre competencia y el socialismo científico -- Doctrinas económicos-sociales ... | ||
| 650 |
_aEuropa _91221 |
||
| 650 |
_aEconomía _9382 |
||
| 650 |
_aCapitalismo _93221 |
||
| 700 |
_aGerhard, Carlos (traducción) _96079 |
||
| 942 |
_2ddc _cLIBROS |
||
| 945 | _aachl | ||